000 00622nam a22001937a 4500
005 20140916112757.0
010 _aENG-110850
020 _a9788175417489
_c250.00
035 _aEN-94382
037 _bDBAD/PUB
082 _a004
100 _aNoushad Husain
245 _aPedagogy of computer :
_cby Noushad Husain
_bmaking effective learning designs /
260 _aNew Delhi
_bShipra Publications
_c2014
270 _aLG-18-19, Pankaj Central Market, Patparganj
_bNew Delhi
_e110092
300 _axiv,258p.
_c22cm(pbk)
500 _aIncludes bibliographical references
942 _2ddc
_cEN
_mNOU
_h004
999 _c88616
_d88616